000 00768nam a2200253Ia 4500
003 OSt
005 20220927104720.0
006 a|||||r|||| 00| 0
007 ta
008 220926b |||||||| |||| 00| 0 eng d
024 _a135561
037 _cReference Collections
040 _aRTL
_cRTL
_beng
041 _2eng
_aeng
082 _a"U43:(G:55)a73.N7, L3/BB"
100 _aBell Gwen
_9366863
245 0 _aUrban environments and human behavior
_b An annotat
260 _aPennsylvama
_bDowden Hutchinson and Ross
_c1973
300 _a"xvi, 271p"
_ccm.
490 _aCommunity Development
650 _aUrban Geography
_9366864
942 _h"U43:(G:55)a73.N7, L3/BB"
_cCC
999 _c688356
_d688356